"Z tej lásky neodbudlo ani zrnko..."

Bibliographic Details
Main Author: Vrbická, Eva (Author)
Format: Article
Language:Slovak
PhysicalDescription:Fot. 1.
Subjects:

MARC

LEADER 00000nab a2200000 a 4500
001 vtls000052670
003 SK-MaSNL
005 20260304204744.0
008 111103c1980 xo 0 slo
015 |a SNBRB19rr/mm-uuuuu 
035 |a CL0062767 
040 |a SNKBUCL  |b slo  |c SNKBUCL  |e AACR2 
041 0 |a slo 
044 |a xo  |c SK 
080 |a 82:929:885.4  |2 1981 
080 |a 885.4:929  |2 1981 
080 |a 929 Figuli, Margita  |2 1981 
100 1 |a Vrbická, Eva  |4 aut  |9 311417 
245 1 0 |a "Z tej lásky neodbudlo ani zrnko..."  |c Eva Vrbická 
300 |b Fot. 1. 
600 1 7 |a Figuli, Margita,  |d 1909-1995  |2 snkbucl  |9 54155 
655 7 |a články z novín a časopisov  |2 snkbucl  |9 267496 
655 7 |a články z odboru literárna veda a krásna literatúra  |2 snkbucl  |9 770045 
773 0 |t Svet socializmu  |g Roč. 29, č. 1 (1980), s. 12-13 
850 |a Slovenská národná knižnica v Martine  |a MTA001 
852 |a SNK  |b KIS3GCP 
958 |a RK 
958 |a LX 
992 |a RBX 
999 |c 3117721  |d 3119651